Pioneers of Modern Graphic Design : A Complete History /

Estudio de la evolución del diseño gráfico en el siglo XX, a través del análisis de la obra de sus grandes protagonistas; va desde el surgimiento del campo como un espacio profesional hasta el reinado del diseño digital, pasando por las vanguardias de principios de siglo, la renovación de los 30 y 4...

Whakaahuatanga katoa

I tiakina i:
Ngā taipitopito rārangi puna kōrero
Kaituhi matua: Aynsley, Jeremy (autor)
Hōputu: Pukapuka
Reo:Ingarihi
I whakaputaina: Londres, Inglaterra : Mitchell Beazley, 2001, c2001
Ngā marau:
Ngā Tūtohu: Tāpirihia he Tūtohu
Kāore He Tūtohu, Me noho koe te mea tuatahi ki te tūtohu i tēnei pūkete!

MARC

LEADER 00000nam^a2200000^a^4500
001 000182415
005 20250521000000.0
009 20260310102007.194
020 |a 1-84000-939-X 
037 |a Acervo ITESO - Biblioteca 
041 |a ING 
082 |a 741. 60904  |b AYN 
100 |a Aynsley, Jeremy  |e (autor) 
245 1 0 |a Pioneers of Modern Graphic Design :  |b A Complete History /  |c J. Aynsley, M. Beazley. 
264 4 |a Londres, Inglaterra :  |b Mitchell Beazley,  |c 2001, c2001 
300 |a 256 p. 
336 |a texto  |b txt  |2 rdacontenido 
337 |a sin mediación  |b n  |2 rdamedio 
338 |a volumen  |b nc  |2 rdasoporte 
520 |a Estudio de la evolución del diseño gráfico en el siglo XX, a través del análisis de la obra de sus grandes protagonistas; va desde el surgimiento del campo como un espacio profesional hasta el reinado del diseño digital, pasando por las vanguardias de principios de siglo, la renovación de los 30 y 40 y del pop art, y las aportaciones de los posmodernos. 
649 |a XX 
650 |a Corrientes y Estilos Artísticos -  |x Historia -  |y Siglo XX 
650 |a Diseño Gráfico -  |x Historia -  |y Siglo XX 
650 |a Arte Moderno -  |x Historia y Crítica 
650 |a Arte -  |y Siglo XX 
910 |a Fondo General 
920 |a Impresos - Libros 
930 |a Reserva Especial 
905 |a 103 
901 |a 0500121987  |b IT1  |c REE  |u 20250521 
902 |a https://opac.biblio.iteso.mx/vufind/Record/000182415